000 00309 a2200157 4500
001 171574
020 _a
040 _cMagnum
100 _aBandeira, Pedro
240 1 0 _aE proibido miar
_lpor
245 1 0 _aE proibido miar
362 0 _a1899
440 1 _aModerna
697 _aIJ/ANIMAIS
942 _cBK
999 _c171574
_d171574